| 000 | 00000nas##2200000za#4500 |
|---|---|
| 001 | 9.506630 |
| 003 | CaOODSP |
| 005 | 20200427130731 |
| 007 | cr ||||||||||| |
| 008 | 150406c2008||||xxc|| p o||||f| |0eng|d |
| 040 | |aCaOODSP|beng |
| 043 | |an-cn--- |
| 086 | 1 |aR61-66E-PDF |
| 110 | 2 |aParks Canada. |
| 245 | 10|aYoho National Park of Canada, state of the park report |h[electronic resource] |
| 260 | |aGatineau - Quebec : |bParks Canada |
| 310 | |aIrregular |
| 690 | 07|aNational parks|2gcpds |
| 775 | 08|tParc national du Canada Yoho, rapport sur l'état du parc.|w(CaOODSP)9.503060 |